Cátedra Ambiental "Gonzalo Palomino Ortiz". volumen 3 /

Wedi'i Gadw mewn:
Manylion Llyfryddiaeth
Prif Awdur: Albarracín Calderón, Adriana Paola (autora.)
Awduron Eraill: Amador Pineda, Luís Hernando (autor.), Campo Ortiz, Yonathan Andrés (autor.), Flórez Espinosa, Gloria Marcela (autora.), Franco Jaramillo, Paula Milena (autora.), García Lozano, Elizabeth (autora.)
Fformat: eLyfr
Iaith:Sbaeneg
Cyhoeddwyd: Tolima : Sello Editorial Universidad del Tolima, 2023.
Pynciau:
Mynediad Ar-lein:https://elibro.unach.elogim.com/es/lc/unach/titulos/291940
Tagiau: Ychwanegu Tag
Dim Tagiau, Byddwch y cyntaf i dagio'r cofnod hwn!

MARC

LEADER 00000nam a2200000 i 4500
001 ELB291940
003 FINmELB
005 20260223142500.5
006 m o d |
007 cr cnu||||||||
008 260223s2023 ck a ob 001 0 spa d
020 |a 9786287670525  |q (print) 
020 |a 9786287670532  |q (e-book) 
035 |a (OCoLC)1574228399 
040 |a FINmELB  |b spa  |e rda  |c FINmELB 
050 4 |a QH541.5.R27  |b A327 2023 
080 |a 574 
082 0 4 |a 577.34  |2 23 
100 1 |a Albarracín Calderón, Adriana Paola,  |e autora. 
245 1 0 |a Cátedra Ambiental "Gonzalo Palomino Ortiz".  |n volumen 3 /  |c Adriana Paola Albarracín Calderón, Luis Hernando Amador Pineda, Yonathan Andrés Campo Ortiz, Gloria Marcela Flórez Espinosa, Paula Milena Franco Jaramillo, Elizabeth García Lozano, Jorge Wilson Gómez Agudelo, Iván Darío Loaiza Campiño, Sandra Patricia Martínez Granada, Érika Andrea Moreno Romero, Carlos Eduardo Ramos Useche, Jorge Mario Vera Rodríguez, Jairo Andrés Velásquez Sarria. 
264 1 |a Tolima :  |b Sello Editorial Universidad del Tolima,  |c 2023. 
300 |a 1 recurso en línea (136 páginas) :  |b ilustraciones, tablas 
336 |a texto  |b txt  |2 rdacontent/spa 
337 |a computadora  |b c  |2 rdamedia/spa 
338 |a recurso en línea  |b cr  |2 rdacarrier/spa 
500 |a incluye índice. 
504 |a incluye referencias bibliográficas. 
588 |a Descripción basada en metadatos suministrados por el editor y otras fuentes. 
590 |a Recurso electrónico. Santa Fe, Arg.: elibro, 2026. Disponible vía World Wide Web. El acceso puede estar limitado para las bibliotecas afiliadas a elibro. 
600 1 4 |a Palomino Ortiz, Gonzalo,  |d 1936-2018,  |x legado. 
650 4 |a Ecología humana. 
650 4 |a Educación ambiental. 
655 4 |a Libros electrónicos. 
700 1 |a Amador Pineda, Luís Hernando,  |e autor. 
700 1 |a Campo Ortiz, Yonathan Andrés,  |e autor. 
700 1 |a Flórez Espinosa, Gloria Marcela,  |e autora. 
700 1 |a Franco Jaramillo, Paula Milena,  |e autora. 
700 1 |a García Lozano, Elizabeth,  |e autora. 
797 2 |a elibro, Corp. 
856 4 0 |u https://elibro.unach.elogim.com/es/lc/unach/titulos/291940